00374nam a2200133Ia 4500003000400000082002100004100000800025245009400033260004900127300000900176546001200185650000800197650003500205OSt aIR KAU/PLANbVII aKAU aVII Five year plan proposals (part II) (development plan for extention, research station) aVellanikkarabKerala Agricultural University a87p. aEnglish aKAU aKerala Agricultural University